000 00633nam a22002057a 4500
003 OSt
005 20140310181916.0
008 130716t xxu||||| |||| 00| 0 eng d
050 _aLB 1028.5
_b.B915 1996
082 _aTR 372.358
_bB987 19
100 _aBryant, Mary Helen
_9974
245 _aIntergrating technology into the curriculum :
_bIntermediate /
_cMary Helen Bryant.
260 _aHuntington, Beach, CA :
_bTeacher Created Materials, Inc,
_cc1996.
300 _a176 p. ;
_bill. ;
_c28 cm.
521 _aFaculty
541 _j1
562 _e1
650 _a Teaching
_xtechnology
_9975
942 _2lcc
_cBK-TR
_kTR
999 _c6767
_d6767